La aurora en Copacabana / (Record no. 17709)

MARC details
000 -LEADER
campo de control de longitud fija 00827nam a2200253 i 4500
001 - NÚMERO DE CONTROL
campo de control 17709
003 - IDENTIFICADOR DE NÚMERO DE CONTROL
campo de control ES-MaACL
005 - FECHA Y HORA DE LA ÚLTIMA TRANSACCIÓN
campo de control 20250513063016.0
007 - CAMPO FIJO DE DESCRIPCIÓN FÍSICA--INFORMACIÓN GENERAL
campo de control de longitud fija t|
008 - DATOS DE LONGITUD FIJA--INFORMACIÓN GENERAL
campo de control de longitud fija 010508s1956 ag ||||1| spa d
080 ## - NÚMERO DE LA CLASIFICACIÓN DECIMAL UNIVERSAL
Número de la Clasificación Decimal Universal 821.134.2-22"16"
100 1# - ENTRADA PRINCIPAL--NOMBRE DE PERSONA
Nombre de persona Calderón de la Barca, Pedro,
Fechas asociadas al nombre 1600-1681
Término indicativo de función/relación Autor
9 (RLIN) 239594
245 13 - MENCIÓN DEL TÍTULO
Título La aurora en Copacabana /
Mención de responsabilidad, etc. Calderón de la Barca ; estudio preliminar de Ricardo Rojas ; edición anotada por Antonio Pagés Larraya.
260 ## - PUBLICACIÓN, DISTRIBUCIÓN, ETC.
Lugar de publicación, distribución, etc. Buenos Aires :
Nombre del editor, distribuidor, etc. Hachette,
Fecha de publicación, distribución, etc. [1956]
300 ## - DESCRIPCIÓN FÍSICA
Extensión 222 p. ;
Dimensiones 21 cm.
490 1# - MENCIÓN DE SERIE
Mención de serie El pasado argentino
650 14 - PUNTO DE ACCESO ADICIONAL DE MATERIA--TÉRMINO DE MATERIA
Término de materia o nombre geográfico como elemento de entrada
9 (RLIN) 239518
700 1# - ENTRADA AGREGADA--NOMBRE PERSONAL
Nombre de persona Rojas, Ricardo.
9 (RLIN) 99058
700 1# - ENTRADA AGREGADA--NOMBRE PERSONAL
Nombre de persona Pagés Larraya, Antonio.
9 (RLIN) 88288
830 0# - PUNTO DE ACCESO ADICIONAL DE SERIE-TÍTULO UNIFORME
Título uniforme El pasado argentino
9 (RLIN) 228734
852 ## - LOCALIZACIÓN
Ubicación ES-MaACL
Número de control de estantería A-277
Sublocalización o colección R.130029
942 ## - ELEMENTOS DE ENTRADA SECUNDARIOS (KOHA)
Fuente del sistema de clasificación o colocación Clasificación decimal universal
Holdings
Estatus retirado Estado de pérdida Estado de daño No para préstamo Biblioteca de origen Biblioteca actual Ubicación en estantería Fecha de adquisición Fuente de adquisición Total de préstamos Signatura topográfica completa Código de barras Visto por última vez Precio de reemplazo Tipo de ítem Koha
        Biblioteca del Ateneo de Madrid Biblioteca del Ateneo de Madrid Sala Pecera Planta 1 17/01/2008     A-277 1018065 23/02/2023 23/02/2023 Libro impreso